[Event "GER-ch Youth U12 2020"]
[Site "Willingen"]
[Date "2020.10.27"]
[Round "1.18"]
[White "Braeutigam, Alexander"]
[Black "Schneble, Milan"]
[Result "1-0"]
[WhiteElo "1631"]
[BlackElo "1418"]
[Annotator "NA RC"]
[PlyCount "111"]
[EventDate "2020.10.27"]
[EventType "swiss"]
[EventRounds "7"]
[EventCountry "GER"]
[SourceTitle "playchess.com"]
[Source "ChessBase"]
[SourceQuality "1"]
[TimeControl "40/5400+30:1800+30"]

1. d4 {[%emt 0:00:00]} d5 {[%emt 0:00:00]} 2. c4 {[%emt 0:00:00]} Nf6 {[%emt 0:00:25]} 3. Nc3 {[%emt 0:00:27]} e6 {[%emt 0:00:38]} 4. f3 {[%emt 0:00:54]} Nc6 {[%emt 0:04:55]} 5. Nh3 {[%emt 0:02:58]} h6 {[%emt 0:07:50]} 6. Nf2 {[%emt 0:01:37]} dxc4 {[%emt 0:05:34]} 7. e3 {[%emt 0:01:13]} Bb4 {[%emt 0:02:33]} 8. a3 {[%emt 0:00:08]} Ba5 {[%emt 0:00:10]} 9. Bxc4 {[%emt 0:00:45]} e5 {[%emt 0:05:30]} 10. d5 {[%emt 0:01:10]} Ne7 {[%emt 0:02:10]} 11. e4 {[%emt 0:02:31]} Bb6 {[%emt 0:06:09]} 12. Qe2 {[%emt 0:01:40]} Ng6 {[%emt 0:03:56]} 13. Be3 {[%emt 0:01:36]} Bxe3 {[%emt 0:09:43]} 14. Qxe3 {[%emt 0:00:39]} Qe7 {[%emt 0:07:14]} 15. O-O {[%emt 0:02:59]} O-O {[%emt 0:01:10]} 16. Rfd1 {[%emt 0:01:23]} Ne8 {[%emt 0:08:22]} 17. Rac1 {[%emt 0:02:14]} Nf4 {[%emt 0:01:52]} 18. Nd3 {[%emt 0:01:27]} Nd6 {[%emt 0:01:24]} 19. Ba2 {[%emt 0:01:53]} Nxd3 {[%emt 0:03:08]} 20. Qxd3 {[%emt 0:00:47]} f5 {[%emt 0:02:51]} 21. Nb5 {[%emt 0:00:38]} fxe4 {[%emt 0:00:41]} 22. fxe4 {[%emt 0:00:35]} Bg4 {[%emt 0:03:36]} 23. Rxc7 {[%emt 0:02:26]} Qd8 {[%emt 0:01:12]} 24. Rdc1 {[%emt 0:00:35]} Nxb5 {[%emt 0:02:38]} 25. Qxb5 {[%emt 0:00:36]} a6 {[%emt 0:02:38]} 26. Qxb7 {[%emt 0:00:52]} Qf6 {[%emt 0:00:29]} 27. R7c2 {[%emt 0:01:20]} Rab8 {[%emt 0:03:26]} 28. Qc6 {[%emt 0:00:39]} Qf4 {[%emt 0:01:04]} 29. h3 {[%emt 0:03:02]} Qe3+ {[%emt 0:01:32]} 30. Kh2 {[%emt 0:01:01]} Bxh3 {[%emt 0:04:15]} 31. Qc3 {[%emt 0:01:34]} Qxc3 {[%emt 0:03:35]} 32. Rxc3 {[%emt 0:00:26]} Rxb2 {[%emt 0:00:51]} 33. Kxh3 {[%emt 0:00:35]} Rxa2 {[%emt 0:00:08]} 34. Rd1 {[%emt 0:00:35]} Re2 {[%emt 0:01:19]} 35. d6 {[%emt 0:00:34]} Rd8 {[%emt 0:01:38]} 36. d7 {[%emt 0:00:20]} Kf7 {[%emt 0:00:20]} 37. Rc4 {[%emt 0:02:39]} Re3+ {[%emt 0:00:24]} 38. Kg4 {[%emt 0:00:11]} Ke7 {[%emt 0:00:42]} 39. Kf5 {[%emt 0:01:18]} Rxd7 {[%emt 0:00:49]} 40. Rxd7+ {[%emt 0:00:12]} Kxd7 {[%emt 0:00:06]} 41. Ra4 {[%emt 0:30:13]} Rg3 {[%emt 0:30:40]} 42. Kxe5 {[%emt 0:00:44]} a5 {[%emt 0:00:41]} 43. Kf4 {[%emt 0:00:43]} Rg5 {[%emt 0:01:19]} 44. g4 {[%emt 0:00:16]} Rb5 {[%emt 0:00:21]} 45. Rd4+ {[%emt 0:01:31]} Ke6 {[%emt 0:00:44]} 46. a4 {[%emt 0:01:04]} Rb3 {[%emt 0:00:15]} 47. e5 {[%emt 0:00:37]} Rb4 {[%emt 0:00:00]} 48. Rxb4 {[%emt 0:00:00]} axb4 {[%emt 0:00:00]} 49. a5 {[%emt 0:00:00]} g5+ {[%emt 0:00:00]} 50. Ke4 {[%emt 0:00:00]} b3 {[%emt 0:00:00]} 51. Kd3 {[%emt 0:00:00]} Kxe5 {[%emt 0:00:00]} 52. a6 {[%emt 0:00:00]} b2 {[%emt 0:00:00]} 53. Kc2 {[%emt 0:00:00]} Kf4 {[%emt 0:00:00]} 54. a7 {[%emt 0:00:00]} Kxg4 {[%emt 0:00:00]} 55. a8=Q {[%emt 0:00:00]} h5 {[%emt 0:00:00]} 56. Kxb2 {[%emt 0:00:00]} 1-0

[Event "GER-ch Youth U12 2020"]
[Site "Willingen"]
[Date "2020.10.27"]
[Round "1.19"]
[White "Guo, Jacob Tingshen"]
[Black "Winkler, Yonathan"]
[Result "1/2-1/2"]
[WhiteElo "1551"]
[BlackElo "1680"]
[Annotator "NA RC"]
[PlyCount "49"]
[EventDate "2020.10.27"]
[EventType "swiss"]
[EventRounds "7"]
[EventCountry "GER"]
[SourceTitle "playchess.com"]
[Source "ChessBase"]
[SourceQuality "1"]
[TimeControl "40/5400+30:1800+30"]

1. d4 {[%emt 0:00:00]} d5 {[%emt 0:00:00]} 2. c4 {[%emt 0:00:00]} c6 {[%emt 0:00:00]} 3. Nf3 {[%emt 0:00:00]} Nf6 {[%emt 0:00:21]} 4. Nc3 {[%emt 0:00:08]} dxc4 {[%emt 0:00:05]} 5. e3 {[%emt 0:00:22]} b5 {[%emt 0:00:05]} 6. a4 {[%emt 0:00:18]} Nd5 {[%emt 0:00:09]} 7. Ne5 {[%emt 0:01:39]} Nxc3 {[%emt 0:04:14]} 8. bxc3 {[%emt 0:00:17]} Qd6 {[%emt 0:00:28]} 9. Qf3 {[%emt 0:05:27]} Qf6 {[%emt 0:01:34]} 10. Be2 {[%emt 0:02:17]} Ba6 {[%emt 0:15:12]} 11. Qg4 {[%emt 0:12:16]} h5 {[%emt 0:12:39]} 12. Qh3 {[%emt 0:06:55]} e6 {[%emt 0:12:29]} 13. Bf3 {[%emt 0:06:54]} b4 {[%emt 0:11:09]} 14. Nxc6 {[%emt 0:07:54]} Bb7 {[%emt 0:00:39]} 15. Nxb4 {[%emt 0:04:59]} Bxf3 {[%emt 0:01:33]} 16. Qxf3 {[%emt 0:01:02]} Qxf3 {[%emt 0:00:07]} 17. gxf3 {[%emt 0:00:08]} a5 {[%emt 0:01:11]} 18. Nc2 {[%emt 0:00:36]} Nd7 {[%emt 0:00:40]} 19. Ba3 {[%emt 0:01:31]} Bxa3 {[%emt 0:01:46]} 20. Nxa3 {[%emt 0:00:42]} Nb6 {[%emt 0:00:14]} 21. Kd2 {[%emt 0:00:46]} Kd7 {[%emt 0:01:58]} 22. Rhg1 {[%emt 0:07:03]} g6 {[%emt 0:00:13]} 23. Rg5 {[%emt 0:00:18]} Rhc8 {[%emt 0:00:29]} 24. Nb5 {[%emt 0:02:07]} Rab8 {[%emt 0:06:12]} 25. e4 {[%emt 0:04:32]} 1/2-1/2

[Event "GER-ch Youth U12 2020"]
[Site "Willingen"]
[Date "2020.10.27"]
[Round "1.20"]
[White "Korek, Jakob Alexander"]
[Black "Ehrlich, Patrick"]
[Result "0-1"]
[WhiteElo "1592"]
[BlackElo "1448"]
[Annotator "NA RC"]
[PlyCount "69"]
[EventDate "2020.10.27"]
[EventType "swiss"]
[EventRounds "7"]
[EventCountry "GER"]
[SourceTitle "playchess.com"]
[Source "ChessBase"]
[SourceQuality "1"]
[TimeControl "40/5400+30:1800+30"]

1. d4 {[%emt 0:00:00]} d6 {[%emt 0:00:00]} 2. Nf3 {[%emt 0:00:11]} Nf6 {[%emt 0:00:27]} 3. c4 {[%emt 0:01:36]} g6 {[%emt 0:00:14]} 4. Nc3 {[%emt 0:00:52]} Bg7 {[%emt 0:00:11]} 5. e4 {[%emt 0:00:51]} Bg4 {[%emt 0:06:13]} 6. Be2 {[%emt 0:01:00]} c5 {[%emt 0:04:02]} 7. Be3 {[%emt 0:02:39]} Qa5 {[%emt 0:07:02]} 8. O-O Nc6 {[%emt 0:07:55]} 9. d5 {[%emt 0:19:14]} Bxf3 {[%emt 0:02:22]} 10. Bxf3 {[%emt 0:04:13]} Ne5 {[%emt 0:00:11]} 11. Be2 {[%emt 0:01:11]} Qb4 {[%emt 0:02:32]} 12. Qb3 {[%emt 0:08:11]} Qxb3 {[%emt 0:06:37]} 13. axb3 {[%emt 0:00:17]} O-O {[%emt 0:00:43]} 14. f4 {[%emt 0:02:52]} Neg4 {[%emt 0:05:43]} 15. Bd2 {[%emt 0:04:19]} h5 {[%emt 0:03:41]} 16. h3 {[%emt 0:04:15]} Nh6 {[%emt 0:01:36]} 17. Bd3 {[%emt 0:02:59]} e6 {[%emt 0:09:28]} 18. dxe6 {[%emt 0:04:17]} fxe6 {[%emt 0:01:00]} 19. Nb5 {[%emt 0:00:55]} Ne8 {[%emt 0:05:07]} 20. Bc3 {[%emt 0:01:27]} e5 {[%emt 0:09:41]} 21. fxe5 {[%emt 0:02:34]} Rxf1+ {[%emt 0:01:29]} 22. Kxf1 {[%emt 0:00:44]} dxe5 {[%emt 0:01:00]} 23. Rxa7 {[%emt 0:00:44]} Rd8 {[%emt 0:01:07]} 24. Bc2 {[%emt 0:00:47]} Rb8 {[%emt 0:01:43]} 25. Ba5 {[%emt 0:03:33]} Nf7 {[%emt 0:02:54]} 26. Nc7 {[%emt 0:02:51]} Nxc7 {[%emt 0:00:16]} 27. Bxc7 {[%emt 0:00:27]} Rf8 {[%emt 0:00:32]} 28. Ke2 {[%emt 0:01:28]} Rc8 {[%emt 0:01:52]} 29. Rxb7 {[%emt 0:01:27]} Kh7 {[%emt 0:01:16]} 30. Ra7 {[%emt 0:01:27]} Re8 {[%emt 0:02:49]} 31. Bb6 {[%emt 0:01:17]} Nd8 {[%emt 0:02:59]} 32. Ra8 {[%emt 0:01:02]} Bf6 {[%emt 0:00:56]} 33. Bxc5 {[%emt 0:00:45]} Re6 {[%emt 0:00:54]} 34. Ra7+ {[%emt 0:01:05]} Bg7 {[%emt 0:00:46]} 35. Bf8 {[%emt 0:01:27]} 0-1

[Event "GER-ch Youth U12 2020"]
[Site "Willingen"]
[Date "2020.10.27"]
[Round "1.21"]
[White "Dorendorf, Mika"]
[Black "Isbilir, Levin"]
[Result "1/2-1/2"]
[WhiteElo "1462"]
[BlackElo "1233"]
[Annotator "NA RC"]
[PlyCount "53"]
[EventDate "2020.10.27"]
[EventType "swiss"]
[EventRounds "7"]
[EventCountry "GER"]
[SourceTitle "playchess.com"]
[Source "ChessBase"]
[SourceQuality "1"]
[TimeControl "40/5400+30:1800+30"]

1. c4 {[%emt 0:00:00]} e5 {[%emt 0:00:00]} 2. Nc3 {[%emt 0:00:28]} Nc6 {[%emt 0:00:00]} 3. g3 {[%emt 0:00:06]} d6 {[%emt 0:00:10]} 4. Bg2 {[%emt 0:00:05]} Be6 {[%emt 0:00:11]} 5. Nd5 {[%emt 0:01:43]} Qd7 {[%emt 0:01:01]} 6. e3 {[%emt 0:01:00]} Nd8 {[%emt 0:03:46]} 7. d3 {[%emt 0:05:04]} c6 {[%emt 0:01:28]} 8. Nc3 {[%emt 0:01:39]} g6 {[%emt 0:01:24]} 9. e4 {[%emt 0:01:03]} Bg7 {[%emt 0:00:52]} 10. Nge2 {[%emt 0:03:02]} Bh3 {[%emt 0:02:58]} 11. O-O {[%emt 0:00:25]} h5 {[%emt 0:02:24]} 12. f4 {[%emt 0:01:09]} h4 {[%emt 0:01:46]} 13. f5 {[%emt 0:05:01]} Bxg2 {[%emt 0:15:41]} 14. Kxg2 {[%emt 0:00:36]} gxf5 {[%emt 0:10:04]} 15. exf5 {[%emt 0:00:54]} Nf6 {[%emt 0:16:24]} 16. Ne4 {[%emt 0:02:41]} Nxe4 {[%emt 0:03:53]} 17. dxe4 {[%emt 0:00:17]} f6 {[%emt 0:00:48]} 18. g4 {[%emt 0:01:14]} Nf7 {[%emt 0:01:22]} 19. h3 {[%emt 0:00:29]} Bh6 {[%emt 0:00:26]} 20. Ng1 {[%emt 0:01:12]} O-O-O {[%emt 0:07:45]} 21. Nf3 {[%emt 0:00:48]} Rdg8 {[%emt 0:03:15]} 22. Bxh6 {[%emt 0:00:51]} Nxh6 {[%emt 0:00:29]} 23. Kh2 {[%emt 0:00:45]} Kc7 {[%emt 0:02:50]} 24. Qd2 {[%emt 0:00:37]} Qg7 {[%emt 0:01:21]} 25. Rad1 {[%emt 0:01:25]} Rd8 {[%emt 0:02:01]} 26. Rg1 {[%emt 0:01:14]} Nf7 {[%emt 0:02:53]} 27. Ra1 1/2-1/2

[Event "GER-ch Youth U12 2020"]
[Site "Willingen"]
[Date "2020.10.27"]
[Round "1.22"]
[White "Haubold, Christian Lucas"]
[Black "Schwarz, David"]
[Result "1-0"]
[WhiteElo "1615"]
[BlackElo "1200"]
[Annotator "NA RC"]
[PlyCount "58"]
[EventDate "2020.10.27"]
[EventType "swiss"]
[EventRounds "7"]
[EventCountry "GER"]
[SourceTitle "playchess.com"]
[Source "ChessBase"]
[SourceQuality "1"]
[TimeControl "40/5400+30:1800+30"]

1. e4 {[%emt 0:00:00]} e5 {[%emt 0:00:00]} 2. Nf3 {[%emt 0:00:00]} Nc6 {[%emt 0:00:00]} 3. Bc4 {[%emt 0:00:00]} Bc5 {[%emt 0:00:00]} 4. d3 {[%emt 0:00:05]} Nf6 {[%emt 0:00:53]} 5. O-O {[%emt 0:00:36]} d6 {[%emt 0:00:37]} 6. c3 {[%emt 0:00:30]} a6 {[%emt 0:00:09]} 7. Bb3 {[%emt 0:00:39]} Ba7 {[%emt 0:03:49]} 8. Nbd2 {[%emt 0:03:55]} h6 {[%emt 0:04:08]} 9. h3 {[%emt 0:03:43]} Be6 {[%emt 0:02:16]} 10. Re1 {[%emt 0:03:32]} Qd7 {[%emt 0:02:24]} 11. Nf1 {[%emt 0:01:13]} g5 {[%emt 0:06:00]} 12. Ne3 {[%emt 0:09:44]} Ne7 {[%emt 0:09:58]} 13. Nh2 {[%emt 0:26:55]} O-O-O {[%emt 0:14:05]} 14. Qf3 {[%emt 0:18:33]} Neg8 {[%emt 0:05:47]} 15. Nhf1 {[%emt 0:06:26]} h5 {[%emt 0:16:01]} 16. Ng3 {[%emt 0:03:56]} g4 {[%emt 0:06:55]} 17. Bxe6 {[%emt 0:01:08]} fxe6 {[%emt 0:07:14]} 18. hxg4 {[%emt 0:00:29]} hxg4 {[%emt 0:00:47]} 19. Nxg4 {[%emt 0:00:40]} Nxg4 {[%emt 0:00:23]} 20. Qxg4 {[%emt 0:00:22]} Rf8 {[%emt 0:00:25]} 21. Be3 {[%emt 0:00:53]} Nf6 {[%emt 0:01:52]} 22. Qd1 {[%emt 0:02:22]} Bxe3 {[%emt 0:00:32]} 23. Rxe3 {[%emt 0:00:43]} Qh7 {[%emt 0:08:28]} 24. Rf3 {[%emt 0:02:05]} Qh2+ {[%emt 0:01:12]} 25. Kf1 {[%emt 0:00:14]} Nd7 {[%emt 0:00:34]} 26. Rxf8+ {[%emt 0:02:57]} Rxf8 {[%emt 0:00:10]} 27. Qg4 {[%emt 0:00:28]} c5 {[%emt 0:02:51]} 28. Qh3 {[%emt 0:05:05]} Qxh3 {[%emt 0:02:13]} 29. gxh3 {[%emt 0:00:00]} Rf3 {[%emt 0:02:33]} 1-0

[Event "GER-ch Youth U12 2020"]
[Site "Willingen"]
[Date "2020.10.27"]
[Round "1.23"]
[White "Stadelmann, Constantin"]
[Black "Mueller, Maximilian"]
[Result "0-1"]
[WhiteElo "1366"]
[BlackElo "2303"]
[Annotator "TA"]
[PlyCount "52"]
[EventDate "2020.10.27"]
[EventType "swiss"]
[EventRounds "7"]
[EventCountry "GER"]
[SourceTitle "playchess.com"]
[Source "ChessBase"]
[SourceQuality "1"]

{[%evp 9,52,-29,10,5,15,12,-1,-130,-111,-129,-123,-130,-131,-154,-173,-171,-182,-464,-464,-477,-445,-447,-429,-423,-433,-370,-50,-389,-403,-454,-228,-233,-233,-870,-866,-927,-919,-967,-925,-1160,-1147,-1255,-1239,-1385,-1337]} 1. e4 e6 2. c4 d5 3. cxd5 exd5 4. Qb3 c6 5. Nc3 Nf6 6. e5 {C00: French: Unusual White 2nd moves.} Nfd7 7. d4 f6 8. f4 (8. exf6 $11 Nxf6 9. Nf3) 8... fxe5 $17 {[#]} 9. fxe5 $146 ({Predecessor:} 9. dxe5 Nc5 10. Qc2 g6 11. Be3 Bf5 12. Qd2 Nba6 13. Nge2 Qd7 14. Ng3 O-O-O 15. Nxf5 gxf5 {1-0 (46) Liardet,F (2240)-Sauvin,J (2195) Geneve 1994}) 9... Qh4+ {[%mdl 64] [#] Double Attack} 10. g3 Qxd4 11. Nge2 Qxe5 {White must now prevent ...Nc5.} 12. Bf4 Qf6 13. O-O-O $2 (13. Bg2) 13... Nc5 $19 14. Qc2 Bf5 15. Qd2 Nd3+ 16. Kb1 {intending Qe3+.} Nf2+ 17. Ka1 Nxh1 $2 (17... Nxd1 $19 18. Nxd1 Be4) 18. Qe3+ $2 {[%mdl 8192]} ({White should play} 18. Nd4 $15) 18... Be7 19. Nd4 Be4 (19... Bg4 $142 20. Re1 O-O 21. Qxe7 Qxe7 22. Rxe7 {[#]} g5 $1 {[%mdl 512]}) 20. Nxe4 dxe4 21. Qxe4 $2 (21. Bc4 g5 22. Bxb8 Rxb8 23. Ne6) 21... Nf2 {[%mdl 64] Double Attack. Black is clearly winning.} 22. Qe2 Nxd1 23. Qxd1 Nd7 24. Bc4 Nb6 25. Bb3 Rd8 26. Qe2 Qxd4 {White did not feel at home in the position after the opening. Av CentiPawn Loss W=-34/B=-27. Weighted=-49/-20} 0-1

[Event "GER-ch Youth U12 2020"]
[Site "Willingen"]
[Date "2020.10.27"]
[Round "1.24"]
[White "Torosyan, Bagrat"]
[Black "Müller, Mitja"]
[Result "1-0"]
[WhiteElo "1634"]
[BlackElo "1360"]
[Annotator "NA RC"]
[PlyCount "57"]
[EventDate "2020.10.27"]
[EventType "swiss"]
[EventRounds "7"]
[EventCountry "GER"]
[SourceTitle "playchess.com"]
[Source "ChessBase"]
[SourceQuality "1"]
[TimeControl "40/5400+30:1800+30"]

1. e4 {[%emt 0:00:00]} c5 {[%emt 0:00:00]} 2. Nf3 {[%emt 0:00:00]} e6 {[%emt 0:00:00]} 3. d4 {[%emt 0:00:00]} cxd4 {[%emt 0:00:01]} 4. Nxd4 {[%emt 0:00:03]} a6 {[%emt 0:00:13]} 5. Bd3 {[%emt 0:00:11]} Qc7 {[%emt 0:00:13]} 6. O-O {[%emt 0:00:51]} Nf6 {[%emt 0:00:35]} 7. Re1 {[%emt 0:01:20]} d6 {[%emt 0:01:17]} 8. c4 {[%emt 0:01:10]} Be7 {[%emt 0:01:42]} 9. Nc3 {[%emt 0:02:29]} O-O {[%emt 0:00:51]} 10. Be3 {[%emt 0:07:26]} Nc6 {[%emt 0:04:15]} 11. f4 {[%emt 0:02:50]} Rd8 {[%emt 0:03:10]} 12. Kh1 {[%emt 0:12:29]} Nb4 {[%emt 0:21:52]} 13. Bf1 {[%emt 0:04:44]} e5 {[%emt 0:10:50]} 14. Nb3 {[%emt 0:10:44]} Ng4 {[%emt 0:09:29]} 15. f5 {[%emt 0:07:10]} Nf6 {[%emt 0:05:59]} 16. a3 {[%emt 0:13:07]} Nc6 {[%emt 0:00:48]} 17. Bg5 {[%emt 0:02:19]} Qb6 {[%emt 0:14:53]} 18. Bxf6 {[%emt 0:04:54]} Bxf6 {[%emt 0:00:14]} 19. Nd5 {[%emt 0:02:39]} Qf2 {[%emt 0:01:20]} 20. Qg4 {[%emt 0:01:14]} Kf8 {[%emt 0:02:24]} 21. Re2 {[%emt 0:04:10]} Qa7 {[%emt 0:02:12]} 22. Rd1 {[%emt 0:02:17]} b5 {[%emt 0:01:16]} 23. cxb5 {[%emt 0:02:11]} axb5 {[%emt 0:00:14]} 24. Rc2 {[%emt 0:00:30]} Na5 {[%emt 0:03:33]} 25. Rc7 {[%emt 0:02:37]} Qf2 {[%emt 0:02:19]} 26. Nxa5 {[%emt 0:01:21]} Rxa5 {[%emt 0:00:42]} 27. Qh5 {[%emt 0:01:36]} g6 {[%emt 0:01:11]} 28. Qxh7 {[%emt 0:00:34]} Bg7 {[%emt 0:03:12]} 29. f6 1-0

[Event "GER-ch Youth U12 2020"]
[Site "Willingen"]
[Date "2020.10.27"]
[Round "1.26"]
[White "Kiefhaber, Tobias"]
[Black "Ivanov, Alexander"]
[Result "1-0"]
[WhiteElo "1542"]
[BlackElo "2469"]
[Annotator "TA"]
[PlyCount "71"]
[EventDate "2020.10.27"]
[EventType "swiss"]
[EventRounds "7"]
[EventCountry "GER"]
[SourceTitle "playchess.com"]
[Source "ChessBase"]
[SourceQuality "1"]

{[%evp 9,71,89,135,71,94,86,124,108,195,151,296,172,222,210,595,625,601,603,678,669,753,725,720,713,820,835,812,816,889,884,866,849,973,973,950,947,984,945,1057,1057,1076,1068,1022,993,1008,987,1007,998,1249,1237,1301,1295,1628,1608,1527,1515,1358,1239,2042,2068,1851,1651,29998,29999]} 1. d4 f5 2. Qd3 Nf6 3. Qxf5 e6 4. Qd3 Be7 {[#]} 5. Nc3 $146 ({Predecessor:} 5. e4 O-O 6. Nc3 b6 7. Qh3 Bb7 8. Bd3 Nc6 9. Nf3 Nb4 10. O-O Nxd3 11. cxd3 {1-0 (27) Ellis,A (2066)-Sudholt,M (1483) Europe Chess INT 2020}) 5... O-O {[#]} 6. Bf4 {A80: Dutch Defence: Unusual White second moves.} (6. e4 $142 $1) 6... d6 7. Nf3 Nbd7 8. h4 {White is better.} Nh5 (8... c5 $16 {was worth a try.}) 9. Bg5 b6 (9... Ndf6 $16 {is a better defense.} 10. g3 Nd5) 10. g4 (10. Qe4 $142 c6 11. Qxe6+ {[%mdl 64] Double Attack} Rf7 12. Qc4) 10... Nf4 11. Qe3 Nd5 $2 (11... Bxg5 {is more resistant.} 12. Nxg5 Bb7 13. Nxe6 Nxe6 14. Qxe6+ Kh8) 12. Qxe6+ $18 {[%mdl 64] [#] Double Attack} Kh8 {Hoping for ...N7f6.} 13. Qxd5 Ba6 14. O-O-O c5 15. Bxe7 Qxe7 16. dxc5 bxc5 17. Qxd6 Qxd6 18. Rxd6 Bc8 19. g5 Nb6 20. g6 h6 21. Ne5 Bb7 22. f3 Rae8 23. Nd7 Nxd7 24. Rxd7 Rb8 25. Bh3 a5 26. Rh2 Ba6 27. Rd6 Bb7 28. Bg4 c4 29. Rh1 Rbe8 30. Rhd1 Bc8 31. Bxc8 Rxc8 32. Rd7 Rg8 33. Re7 Rcd8 34. Rxd8 Rxd8 35. Rc7 Rd4 36. Rc8+ {Av CentiPawn Loss W=-18/B=-95. Weighted=-41/-108} 1-0

[Event "GER-ch Youth U12 2020"]
[Site "Willingen"]
[Date "2020.10.27"]
[Round "1.27"]
[White "Detjen, Mattes"]
[Black "Fruth, David"]
[Result "0-1"]
[WhiteElo "1190"]
[BlackElo "1665"]
[Annotator "NA RC"]
[PlyCount "68"]
[EventDate "2020.10.27"]
[EventType "swiss"]
[EventRounds "7"]
[EventCountry "GER"]
[SourceTitle "playchess.com"]
[Source "ChessBase"]
[SourceQuality "1"]
[TimeControl "40/5400+30:1800+30"]

1. e4 e5 2. Nf3 {[%emt 0:00:00]} Nf6 {[%emt 0:00:00]} 3. Nxe5 d6 4. Nf3 {[%emt 0:00:55]} Nxe4 {[%emt 0:00:00]} 5. Nc3 {[%emt 0:01:05]} Nxc3 {[%emt 0:00:00]} 6. dxc3 {[%emt 0:00:54]} Be7 {[%emt 0:00:09]} 7. Bd3 {[%emt 0:00:17]} Nc6 {[%emt 0:00:09]} 8. Bf4 {[%emt 0:00:41]} Be6 {[%emt 0:00:21]} 9. Qe2 {[%emt 0:01:15]} Qd7 {[%emt 0:02:11]} 10. O-O-O {[%emt 0:02:32]} O-O-O {[%emt 0:03:14]} 11. Bb5 {[%emt 0:02:12]} Kb8 {[%emt 0:00:29]} 12. Ne5 {[%emt 0:01:26]} Qe8 {[%emt 0:00:58]} 13. Nxc6+ {[%emt 0:04:57]} bxc6 {[%emt 0:00:04]} 14. Ba6 {[%emt 0:02:06]} Ka8 {[%emt 0:01:07]} 15. b4 {[%emt 0:04:38]} Bf6 {[%emt 0:01:24]} 16. Kd2 {[%emt 0:02:40]} Qe7 {[%emt 0:01:59]} 17. b5 {[%emt 0:01:37]} Bxc3+ {[%emt 0:05:35]} 18. Kxc3 {[%emt 0:04:34]} Qf6+ {[%emt 0:00:03]} 19. Kd3 {[%emt 0:01:00]} Qxf4 {[%emt 0:00:15]} 20. bxc6 {[%emt 0:02:06]} Rhe8 {[%emt 0:05:00]} 21. Qf3 {[%emt 0:06:16]} Bf5+ {[%emt 0:01:43]} 22. Kc3 {[%emt 0:00:26]} Qe5+ {[%emt 0:00:39]} 23. Kb3 {[%emt 0:05:48]} Be6+ {[%emt 0:02:51]} 24. c4 {[%emt 0:04:09]} d5 {[%emt 0:00:19]} 25. Rb1 {[%emt 0:08:34]} dxc4+ {[%emt 0:00:30]} 26. Ka4 {[%emt 0:02:52]} Bc8 {[%emt 0:01:17]} 27. Bxc4 {[%emt 0:04:04]} Rd4 {[%emt 0:01:12]} 28. Qb3 {[%emt 0:00:43]} Ba6 {[%emt 0:00:26]} 29. Rhc1 {[%emt 0:03:04]} Qc5 {[%emt 0:00:49]} 30. Rc2 {[%emt 0:03:26]} Rxc4+ {[%emt 0:00:52]} 31. Rxc4 {[%emt 0:01:27]} Qxc4+ {[%emt 0:00:02]} 32. Qxc4 {[%emt 0:00:36]} Bxc4 {[%emt 0:00:02]} 33. Rb7 {[%emt 0:00:09]} Rc8 {[%emt 0:00:06]} 34. Kb4 {[%emt 0:00:03]} Ba6 {[%emt 0:00:10]} 0-1

[Event "GER-ch Youth U12 2020"]
[Site "Willingen"]
[Date "2020.10.27"]
[Round "1.28"]
[White "Grabs, Peter"]
[Black "Bondarcuks, Timurs"]
[Result "1-0"]
[WhiteElo "1674"]
[BlackElo "1198"]
[Annotator "NA RC"]
[PlyCount "77"]
[EventDate "2020.10.27"]
[EventType "swiss"]
[EventRounds "7"]
[EventCountry "GER"]
[SourceTitle "playchess.com"]
[Source "ChessBase"]
[SourceQuality "1"]
[TimeControl "40/5400+30:1800+30"]

1. e4 {[%emt 0:00:00]} e5 {[%emt 0:00:00]} 2. Nf3 {[%emt 0:00:00]} Nc6 {[%emt 0:00:00]} 3. Bb5 {[%emt 0:00:00]} a6 {[%emt 0:00:04]} 4. Bxc6 {[%emt 0:00:00]} dxc6 {[%emt 0:01:03]} 5. Nc3 {[%emt 0:00:00]} f6 {[%emt 0:01:12]} 6. d4 {[%emt 0:00:04]} Bg4 7. dxe5 {[%emt 0:04:07]} Qxd1+ {[%emt 0:05:09]} 8. Kxd1 {[%emt 0:00:14]} Bxf3+ {[%emt 0:00:22]} 9. gxf3 {[%emt 0:00:11]} O-O-O+ {[%emt 0:00:46]} 10. Ke2 {[%emt 0:00:16]} fxe5 {[%emt 0:00:57]} 11. Be3 {[%emt 0:01:04]} Nf6 {[%emt 0:00:36]} 12. Rad1 {[%emt 0:00:30]} Bb4 {[%emt 0:06:41]} 13. Na4 {[%emt 0:00:38]} b6 {[%emt 0:01:51]} 14. a3 {[%emt 0:00:22]} Be7 {[%emt 0:01:19]} 15. b4 {[%emt 0:15:23]} Kb7 {[%emt 0:02:52]} 16. Nb2 {[%emt 0:02:07]} b5 {[%emt 0:03:48]} 17. Nd3 {[%emt 0:00:37]} Nd7 {[%emt 0:01:01]} 18. Rhg1 {[%emt 0:00:19]} g6 {[%emt 0:02:00]} 19. Bg5 {[%emt 0:02:12]} Bxg5 {[%emt 0:00:55]} 20. Rxg5 {[%emt 0:00:13]} Rhe8 {[%emt 0:00:12]} 21. Rd2 {[%emt 0:04:05]} Nb6 {[%emt 0:07:04]} 22. Rxe5 {[%emt 0:07:02]} Nc4 {[%emt 0:06:45]} 23. Rxe8 {[%emt 0:00:53]} Rxe8 {[%emt 0:00:27]} 24. Nc5+ {[%emt 0:00:46]} Ka7 {[%emt 0:01:44]} 25. Rd7 {[%emt 0:02:55]} Kb6 {[%emt 0:02:27]} 26. a4 {[%emt 0:14:03]} bxa4 {[%emt 0:04:51]} 27. Nxa4+ {[%emt 0:00:56]} Kb5 {[%emt 0:00:28]} 28. Nc5 {[%emt 0:00:13]} a5 {[%emt 0:00:46]} 29. c3 {[%emt 0:00:45]} axb4 {[%emt 0:00:40]} 30. cxb4 {[%emt 0:00:13]} Kxb4 {[%emt 0:00:06]} 31. Na6+ {[%emt 0:00:12]} Kc3 {[%emt 0:04:10]} 32. Rxc7 {[%emt 0:07:50]} Rd8 {[%emt 0:04:27]} 33. Rxc6 {[%emt 0:02:42]} Rd2+ {[%emt 0:01:26]} 34. Kf1 {[%emt 0:00:17]} Rd3 {[%emt 0:07:20]} 35. Kg2 {[%emt 0:01:13]} Kd4 {[%emt 0:00:30]} 36. Rc7 {[%emt 0:01:24]} Ne5 {[%emt 0:00:41]} 37. f4 {[%emt 0:01:31]} Nf3 {[%emt 0:01:25]} 38. Rd7+ {[%emt 0:00:13]} Kxe4 {[%emt 0:00:10]} 39. Nc5+ {[%emt 0:00:07]} 1-0